000 00435nam a2200181Ia 4500
001 18313
005 20260306171621.0
008 260306s9999||||xx |||||||||||||| ||und||
041 _aESP
082 _a658.403
_bA59E
100 _aAndreu, Rafael
_eAUT
245 0 _aEstrategia y sistemas de información
260 _c1996
300 _ax, 199 pƔginas :
_c24 cm.
650 _aGEN
654 _aCAN
942 _cLIB
_dJUS
_fJUS
_2ddc
_n
999 _c18313
_d18313